Umrisse der Länder der Fußball-Weltmeisterschaft 2026 - Statistiken

Allgemein
  • Dieses Quiz wurde 78 mal gespielt
  • Das Durchschnittsergebnis liegt bei 28 aus 42
Antwortstatistiken
Bildquiz Antwort % Korrekt
Deutschland
100%
Vereinigte Staaten
98%
Frankreich
97%
Australien
92%
Brasilien
89%
Österreich
85%
Mexiko
82%
Norwegen
82%
Ägypten
80%
Japan
80%
Kroatien
80%
Spanien
80%
England
78%
Portugal
77%
Kanada
75%
Marokko
74%
Südafrika
74%
Schweiz
71%
Niederlande
69%
Neuseeland
68%
Senegal
68%
Algerien
66%
Argentinien
63%
Haiti
57%
Saudi-Arabien
57%
Schottland
57%
Usbekistan
57%
Iran
55%
Tunesien
55%
Ecuador
54%
Panama
54%
Belgien
52%
Jordanien
52%
Kap Verde
52%
Südkorea
52%
Elfenbeinküste
51%
Ghana
51%
Paraguay
51%
Katar
49%
Kolumbien
49%
Uruguay
48%
Curaçao
43%
Keine übereinstimmenden Quizze gefunden
Verteilung der Resultate
Anzahl Personen mit jedem Resultat
Perzentil nach korrekt beantworteten Fragen
Ihre Resultats-Entwicklung
Sie haben dieses Quiz noch nicht gespielt